000 00380nam a2200157Ia 4500
003 Ost
005 20260225132555.0
008 260225s9999||||xx |||||||||||||| ||und||
040 _cfsic
041 _afre
082 _a440
100 _aAbdelkader Djeflat
_eAuteur
245 0 _aTechnologie et système educatif en Algérie /
245 0 _cAbdelkader Djeflat
942 _cكتاب
999 _c34423
_d34423